000 00513nam a22001817a 4500
005 20251108171957.0
008 250721s1982 xx 000 0 ara d
082 1 4 _a616.9803/حكم
100 1 _aجميل، حكمت
245 1 0 _aالسلامة في العمل /
264 1 _aبغداد :
_bدار الرشيد،
_c1982.
300 _a262ص
490 0 _aالسلسلة العلمية ؛ 17
650 1 7 _aالطب الصناعي
650 1 7 _aالطب المهني
942 _2ddc
_cBK
999 _c67395
_d67395